| 000 | 00970nam a2200313Ia 4500 | ||
|---|---|---|---|
| 001 | dia_5300 | ||
| 003 | CHAP | ||
| 005 | 20251023173226.0 | ||
| 008 | 220117s2006 xx 000 0 und d | ||
| 010 | _a176210 | ||
| 020 | _a84-7978-727-9 | ||
| 040 | _cCHAP | ||
| 082 | _a615.954 T69 2006 | ||
| 245 |
_aToxicología alimentaria / _c edición Ana Ma. Cameán y Manuel Repetto ; colaboración Amparo Alegría...[et al.] |
||
| 260 |
_aEspaña : _b Díaz de Santos, _c2006 |
||
| 300 | _axv, 688 p. | ||
| 503 | _aC. | ||
| 504 | _aIncluye bibliografías | ||
| 590 | _aRA1258 T69 2006 | ||
| 650 |
_aFood _xToxicology _9148095 |
||
| 650 |
_aToxicología _xAlimentos _9158167 |
||
| 700 |
_aAlegría, Amparo, colab. _9158168 |
||
| 700 |
_aCameán, Ana Ma., ed. _9158169 |
||
| 700 |
_aRepetto, Manuel, ed. _9158170 |
||
| 901 | _a615.954 T69 2006 | ||
| 902 | _aM | ||
| 905 | _a5232272006 sp anm 8222123322spa16 | ||
| 942 |
_cLIBRO _2ddc |
||
| 999 |
_c176210 _d176210 |
||